000 01024nam a2200325 a 4500
001 000004526
003 DO-SdBPM
005 20260529100939.0
007 000004526
008 090723s2007 dr a 000 p spa d
020 _a9789945856750
040 _aDO-SdBPM
_bspa
_cBPMSU
082 4 _aRD861.44
_bS211s 2014
_222
092 _a
100 1 _aSánchez Beras, César,
_d1962-
245 1 0 _aSapito Azul y el misterio sonoro /
_cCésar Sánchez Beras ;
_b
246 3 1 _a
260 _aSanto Domingo :
_bEditora Nacional,
_c2014
300 _a34 p. ;
_c22 cm.
490 0 _aUltramar
500 _aIncluye datos biográficos del autor en la solapa de la cubierta
546 _aTexto en ingles y español
586 _aPremio de literatura infantil, Letras de Ultramar
590 _aInventariado, 2025/VM
650 4 _aPoesía infantil dominicana
650 4 _aLiteratura infantil dominicana
650 4 _aCertámenes literarios
910 _aVMateo V. Control de calidad BPMSU
942 _2ddc
_cBK
999 _c12739
_d12739